Statystyki dla Największe miasta we Francji

Kliknij tutaj aby rozwiązać quiz!

Ogólne statystyki

  • Ten quiz został rozwiązany 59 razy
  • Średni wynik to 9 z 15

Statystyki odpowiedzi

LudnośćOdpowiedź% Poprawnych
2,18 mln.Paryż
100%
863 tys.Marsylia
93%
516 tys.
Lyon
91%
254 tys.Bordeaux
76%
340 tys.Nicea
74%
232 tys.Lille
69%
479 tys.Tuluza
66%
280 tys.Strasburg
62%
309 tys.Nantes
59%
285 tys.Montpellier
48%
216 tys.Rennes
45%
171 tys.Saint-Etienne
33%
182 tys.Reims
31%
165 tys.Toulon
5%
173 tys.Le Have
0%

Rozkład punktacji

Percentyl według liczby udzielonych odpowiedzi

Procent ludzi z każdym wynikiem

Twoja historia wyników

Nie rozwiązałeś tego quizu